|
|
|
|
| LEADER |
00950cam a2200241 7i4500 |
| 001 |
0000000210 |
| 005 |
20220905090000.0 |
| 020 |
|
|
|a 9831924576 (pbk.)
|
| 020 |
|
|
|a 9789831924570
|
| 090 |
0 |
0 |
|a BP75.29.M35
|b Z89 2003
|
| 100 |
0 |
|
|a Zulkifli Mohd Yusoff,
|c Prof. Madya Dr
|
| 245 |
1 |
0 |
|a Biografi Muhammad bin Abdullah
|c Prof. Madya Dr. Zulkifli Mohd Yusoff, Noor Naemah Abd. Rahman.
|
| 260 |
|
|
|a Pahang:
|b PTS Pub. & Dis.,
|c 2003.
|
| 300 |
|
|
|a v, 463 p.;
|c 23 cm.
|
| 490 |
0 |
|
|a Siri pendidikan agama
|
| 600 |
0 |
0 |
|a Muhammad, Prophet
|
| 650 |
0 |
0 |
|a Muhammad, Prophet --
|x Family --
|y 632
|
| 650 |
0 |
0 |
|a Muhammad, Prophet --
|x Friends and associates --
|x Biogrphy --
|y 632
|
| 700 |
0 |
|
|a Noor Naemah Abd.Rahman
|
| 997 |
|
|
|a Education & Social Sciences, Faculty
|b Islamic Studies, Department
|
| 998 |
|
|
|a Islamic Studies, Degree
|
| 999 |
|
|
|a 0000004700
|b BOK
|c OPEN SHELF
|e 1st Floor, Shah Alam
|
| 999 |
|
|
|a 0000008334
|b BOK
|c OPEN SHELF
|e 1st Floor, Bestari Jaya
|